| 000 | 00394nam a22001457a 4500 | ||
|---|---|---|---|
| 082 | _aP-522 | ||
| 100 |
_aIqbal _917522 |
||
| 245 | _aPlanning estimating and scheduling of 64 x BOQs at Risalpur | ||
| 260 |
_aMCE _c2013 |
||
| 300 | _aP-127 | ||
| 526 |
_a0 _b0 _c0 _dP_522 |
||
| 650 |
_aIqbal, Mohsin Zamir, Haseeb Ahmed, Kashif Latif _947658 |
||
| 700 |
_aSohail Malik _947659 |
||
| 942 |
_2ddc _cBK |
||
| 999 |
_c550833 _d550833 |
||